[Event "Mondiale Lampo FIDE 2017"]
[Site "Riyadh"]
[Date "29.12.2017"]
[Round "3.62"]
[White "Masrahi, Abdulrahman A"]
[Black "Samhouri, A."]
[Result "0-1"]
[WhiteTitle "CM"]
[BlackTitle "FM"]
[WhiteElo "1962"]
[BlackElo "2355"]
[WhiteFideId "21501564"]
[BlackFideId "8100640"]
[EventDate "2017.12.29"]

1. d4 Nf6 2. Bf4 g6 3. e3 Bg7 4. h3 O-O 5. Nf3 d6 6. Be2 Nbd7 7. O-O Qe8 8. Bh2
e5 9. c4 Qe7 10. Nc3 b6 11. Nb5 Ne8 12. b4 a6 13. Nc3 Bb7 14. Nd5 Qd8 15. Rc1
exd4 16. exd4 Nef6 17. Nxf6+ Nxf6 18. c5 Nd5 19. Qb3 Re8 20. Bc4 dxc5 21. dxc5
b5 22. Bd3 Bc6 23. Rfd1 Qe7 24. Bf1 Rad8 25. Nd4 Ba8 26. Re1 Qxe1 27. Rxe1 Rxe1
28. c6 Bxd4 29. Qd3 Bb6 30. Bg3 Ree8 31. Kh2 Nxb4 32. Qf3 Nxc6 33. Qf6 Bd4 34.
Qf3 Be5 35. Qc3 Bxc3 0-1

[Event "Mondiale Lampo FIDE 2017"]
[Site "Riyadh"]
[Date "29.12.2017"]
[Round "3.63"]
[White "Miswadah, Baha"]
[Black "Khader, Sami"]
[Result "0-1"]
[BlackTitle "IM"]
[WhiteElo "1877"]
[BlackElo "2392"]
[WhiteFideId "11502118"]
[BlackFideId "8100500"]
[EventDate "2017.12.29"]

1. e4 e5 2. Nf3 Nc6 3. d4 exd4 4. Nxd4 Nf6 5. Nxc6 bxc6 6. e5 Qe7 7. Qe2 Nd5 8.
c4 Nb6 9. b3 a5 10. g3 a4 11. Bb2 axb3 12. axb3 Rxa1 13. Bxa1 Qb4+ 14. Nd2 Qa5
15. Qd1 Bb4 16. Bg2 Bxd2+ 17. Kf1 Bc3 18. Bxc3 Qxc3 19. Bf3 O-O 20. Kg2 Qxe5 21.
Re1 Qf6 22. Re4 d5 23. Rf4 Qe5 24. Qc2 g6 25. h4 Bf5 26. Qc1 Ra8 27. cxd5 Nxd5
28. Rc4 Ra1 29. Qg5 Qe1 30. Qd8+ Kg7 31. g4 Qh1+ 32. Kg3 Rg1+ 0-1

[Event "Mondiale Lampo FIDE 2017"]
[Site "Riyadh"]
[Date "29.12.2017"]
[Round "3.64"]
[White "Lodhi, Mahmood"]
[Black "Al Abdali, Zeyad Saleh"]
[Result "1-0"]
[WhiteTitle "IM"]
[WhiteElo "2347"]
[BlackElo "1801"]
[WhiteFideId "7800010"]
[BlackFideId "21501505"]
[EventDate "2017.12.29"]

1. d4 Nf6 2. c4 c5 3. d5 e6 4. Nc3 exd5 5. cxd5 d6 6. e4 g6 7. Nf3 Bg7 8. h3 O-O
9. Bd3 Na6 10. O-O Nc7 11. a4 a6 12. a5 Re8 13. Re1 Rb8 14. Nd2 b6 15. axb6 Rxb6
16. Nc4 Rb8 17. Bf4 Bf8 18. Qd2 Nb5 19. Na5 Qd7 20. Nc6 Rb6 21. Bc4 Bb7 22. Na4
Rxc6 23. dxc6 Bxc6 24. Qd3 Bxe4 25. Qg3 Nh5 26. Qh4 Be7 27. Bg5 1-0

[Event "Mondiale Lampo FIDE 2017"]
[Site "Riyadh"]
[Date "29.12.2017"]
[Round "3.65"]
[White "Saeed, Ishaq"]
[Black "Alem, Ali Hussien"]
[Result "1-0"]
[WhiteTitle "FM"]
[WhiteElo "2434"]
[BlackElo "1745"]
[WhiteFideId "9301453"]
[BlackFideId "21500088"]
[EventDate "2017.12.29"]

1. d4 Nf6 2. c4 e5 3. dxe5 Ng4 4. Nf3 Nc6 5. g3 Bb4+ 6. Bd2 Qe7 7. Bg2 O-O 8.
O-O Ngxe5 9. Nxe5 Qxe5 10. Bxb4 Nxb4 11. Nc3 Rb8 12. Qd2 d6 13. Nb5 Be6 14. Qxb4
Qxe2 15. b3 Qh5 16. Nxc7 Bh3 17. Nd5 Bxg2 18. Kxg2 f5 19. Qxd6 Rbd8 20. Qc7 Qg6
21. Nf4 Qh6 22. Rad1 Rc8 23. Qxb7 Kh8 1-0

[Event "Mondiale Lampo FIDE 2017"]
[Site "Riyadh"]
[Date "29.12.2017"]
[Round "3.66"]
[White "Al Ghamdi, Ahmed M"]
[Black "Salama, Taher"]
[Result "0-1"]
[WhiteTitle "CM"]
[WhiteElo "2159"]
[BlackElo "1769"]
[WhiteFideId "21500150"]
[BlackFideId "11502231"]
[EventDate "2017.12.29"]

1. e4 c5 2. Nf3 d6 3. d4 cxd4 4. Nxd4 Nf6 5. Nc3 a6 6. f3 e5 7. Nb3 Be7 8. Be3
Be6 9. Qd2 a5 10. a4 O-O 11. Be2 Nc6 12. O-O Nb4 13. Rfd1 d5 14. exd5 Nbxd5 15.
Nxd5 Nxd5 16. Qe1 Qc8 17. Bf2 Qxc2 18. Nd2 Nf4 19. Bf1 Qg6 20. Kh1 Rac8 21. Qxe5
Nd5 22. Ne4 Rc2 23. Bg1 Nb4 24. Bd3 Qxg2# 0-1

[Event "Mondiale Lampo FIDE 2017"]
[Site "Riyadh"]
[Date "29.12.2017"]
[Round "3.67"]
[White "Alanazy, Mohammed"]
[Black "Lam, Daniel King-wai"]
[Result "1-0"]
[BlackTitle "FM"]
[WhiteElo "1850"]
[BlackElo "2222"]
[WhiteFideId "21508488"]
[BlackFideId "6001238"]
[EventDate "2017.12.29"]

1. e4 e6 2. f4 d5 3. exd5 exd5 4. Nf3 Nf6 5. d4 Bd6 6. Bd3 O-O 7. O-O c6 8. Nc3
Nbd7 9. Ne2 Ne4 10. Ng3 Ndf6 11. c3 Re8 12. Ne5 Qc7 13. Bxe4 Nxe4 14. Nxe4 dxe4
15. Qe2 f6 16. Nc4 Bf8 17. f5 b5 18. Ne3 Bd6 19. Qh5 Bd7 20. g4 Rf8 21. g5 fxg5
22. Qxg5 Bxh2+ 23. Kf2 Qf4+ 24. Qxf4 Bxf4 25. Ke2 Bd6 26. b3 Rf7 27. a4 bxa4 28.
Rxa4 c5 29. dxc5 Bxa4 30. cxd6 Bxb3 31. Ba3 a5 32. Kd2 Rc8 33. Rc1 g5 34. c4 Rd7
35. c5 Ba4 36. Nd5 Rf8 37. Nb6 Rxf5 38. Nxd7 Bxd7 39. c6 Bxc6 40. Rxc6 Rd5+ 41.
Ke3 Rd3+ 42. Kxe4 Rxa3 43. d7 Ra4+ 44. Ke5 Kg7 45. d8=Q 1-0

[Event "Mondiale Lampo FIDE 2017"]
[Site "Riyadh"]
[Date "29.12.2017"]
[Round "3.68"]
[White "Al Mahmood, Salman"]
[Black "Al-Hajiri, Bader"]
[Result "0-1"]
[BlackTitle "FM"]
[WhiteElo "1593"]
[BlackElo "2165"]
[WhiteFideId "11201517"]
[BlackFideId "10300163"]
[EventDate "2017.12.29"]

1. e4 e5 2. d4 exd4 3. Qxd4 Nc6 4. Qe3 Nf6 5. Nc3 Bb4 6. Bd2 O-O 7. O-O-O Re8 8.
Bc4 d6 9. f3 Be6 10. Bb3 d5 11. exd5 Nxd5 12. Nxd5 Bxd5 13. Qf4 Bd6 14. Qg4 Bxb3
15. axb3 Qf6 16. Bc3 Be5 17. Bxe5 Nxe5 18. Qg3 Rad8 19. Nh3 Qa6 20. Kb1 Nc6 21.
Qf4 Qa5 22. Ng5 Nb4 23. Rd4 Qa2+ 24. Kc1 Qa1+ 25. Kd2 Rxd4+ 26. Qxd4 Qxh1 27.
Ne4 Qxg2+ 28. Kc3 Qxf3+ 29. Kxb4 Rxe4 30. Qxe4 Qxe4+ 31. c4 Qd4 32. h3 a5+ 33.
Ka3 c6 34. h4 Qd1 35. h5 Qa1# 0-1

[Event "Mondiale Lampo FIDE 2017"]
[Site "Riyadh"]
[Date "29.12.2017"]
[Round "3.69"]
[White "Khairat, Ahmed"]
[Black "Al Saidi, Mohammed Khalfan"]
[Result "1-0"]
[WhiteTitle "CM"]
[WhiteElo "2211"]
[BlackElo "1468"]
[WhiteFideId "10624171"]
[BlackFideId "22001271"]
[EventDate "2017.12.29"]

1. e4 c5 2. Nf3 Nc6 3. d4 cxd4 4. Nxd4 Nf6 5. Nc3 e5 6. Ndb5 d6 7. Bg5 a6 8. Na3
b5 9. Nd5 Be7 10. Nxe7 Qxe7 11. Bd3 h6 12. Bh4 g5 13. Bg3 Be6 14. O-O O-O 15. c4
b4 16. Nc2 Kg7 17. Ne3 Nd4 18. Qd2 a5 19. Rad1 Rac8 20. b3 Rh8 21. Rfe1 Nd7 22.
Nf5+ Bxf5 23. exf5 Nf6 24. Bb1 Rhe8 25. h4 Nh7 26. Qe3 Qf6 27. Qe4 Re7 28. Rxd4
exd4 29. Qxe7 Qxe7 30. Rxe7 Kf6 31. Rd7 Rc6 32. Bxd6 gxh4 33. Bf4 Ng5 34. Rxd4
Rc5 35. Rd6+ 1-0

[Event "Mondiale Lampo FIDE 2017"]
[Site "Riyadh"]
[Date "29.12.2017"]
[Round "4.1"]
[White "Anton Guijarro, David"]
[Black "Carlsen, Magnus"]
[Result "0-1"]
[WhiteTitle "GM"]
[BlackTitle "GM"]
[WhiteElo "2666"]
[BlackElo "2837"]
[WhiteFideId "2285525"]
[BlackFideId "1503014"]
[EventDate "2017.12.29"]

1. Nf3 b6 2. g3 Bb7 3. Bg2 c5 4. O-O g6 5. d3 Bg7 6. e4 d6 7. c3 Nf6 8. Nbd2 O-O
9. Re1 Nc6 10. a3 Nd7 11. Nb3 b5 12. d4 a5 13. Be3 a4 14. Nbd2 Qb6 15. d5 Nce5
16. Nxe5 Nxe5 17. Qe2 Ba6 18. f4 b4 19. c4 Nd7 20. Rab1 Rab8 21. Bh3 Rfd8 22.
Rf1 Qa5 23. e5 dxe5 24. Ne4 Nb6 25. Rbc1 bxa3 26. bxa3 Nxd5 27. Bf2 exf4 28.
Nxc5 Ne3 29. Nxa6 Qxa6 30. Rfe1 Rb2 31. Qf3 Rdd2 32. Bxe3 fxe3 33. c5 Rf2 34.
Qd5 e6 35. Qd8+ Bf8 36. c6 Rbc2 37. c7 Qc6 38. Rxc2 Rxc2 39. Rxe3 Qxc7 40. Qxc7
Rxc7 41. Re4 Ra7 42. Bf1 Bxa3 0-1

[Event "Mondiale Lampo FIDE 2017"]
[Site "Riyadh"]
[Date "29.12.2017"]
[Round "4.2"]
[White "Amin, Bassem"]
[Black "Yu, Yangyi"]
[Result "1-0"]
[WhiteTitle "GM"]
[BlackTitle "GM"]
[WhiteElo "2689"]
[BlackElo "2751"]
[WhiteFideId "10601457"]
[BlackFideId "8603820"]
[EventDate "2017.12.29"]

1. e4 e5 2. Nf3 Nf6 3. Nxe5 d6 4. Nf3 Nxe4 5. Nc3 Nxc3 6. dxc3 Nc6 7. Be3 Be7 8.
Bd3 Bf6 9. Qe2 O-O 10. O-O-O Re8 11. h4 Rb8 12. Kb1 b5 13. Ng5 h6 14. Qh5 Ne5
15. Bh7+ Kf8 16. f3 hxg5 17. hxg5 Nc4 18. gxf6 gxf6 19. Bd4 Re6 20. Bf5 Ke7 21.
Bxe6 Bxe6 22. Bxf6+ Kxf6 23. Qh4+ Kf5 24. g4+ Ke5 25. Rhe1+ Kf4 26. Rd4+ Kxf3
27. Qh3+ Kf2 28. Rf1+ 1-0

[Event "Mondiale Lampo FIDE 2017"]
[Site "Riyadh"]
[Date "29.12.2017"]
[Round "4.3"]
[White "Sjugirov, Sanan"]
[Black "Bortnyk, Olexandr"]
[Result "1-0"]
[WhiteTitle "GM"]
[BlackTitle "GM"]
[WhiteElo "2650"]
[BlackElo "2610"]
[WhiteFideId "4189302"]
[BlackFideId "14120828"]
[EventDate "2017.12.29"]

1. Nf3 Nf6 2. g3 b6 3. Bg2 Bb7 4. O-O g6 5. d3 Bg7 6. e4 O-O 7. Nc3 d6 8. a4 a6
9. Ng5 e5 10. f4 Nc6 11. f5 Ne7 12. g4 d5 13. Qe2 Nc6 14. fxg6 hxg6 15. exd5 Nd4
16. Qf2 Nxg4 17. Qh4 Nh6 18. Qh3 Bc8 19. Qg3 Nxc2 20. Rb1 Bf5 21. Nge4 Nd4 22.
Bg5 f6 23. Bxh6 Bxh6 24. Rxf5 Kh7 25. Rf2 f5 26. Nd2 Qd6 27. Nf3 Nxf3+ 28. Qxf3
Rae8 29. Re1 Qb4 30. Kh1 Kg7 31. Rg1 Qd4 32. Bh3 Kh7 33. Rfg2 e4 34. Qg3 Rg8 35.
dxe4 fxe4 36. Be6 Rg7 37. Qh4 Rf8 38. Nxe4 Rf4 39. Ng5+ 1-0

[Event "Mondiale Lampo FIDE 2017"]
[Site "Riyadh"]
[Date "29.12.2017"]
[Round "4.4"]
[White "Bacrot, Etienne"]
[Black "Bocharov, Dmitry"]
[Result "1-0"]
[WhiteTitle "GM"]
[BlackTitle "GM"]
[WhiteElo "2725"]
[BlackElo "2583"]
[WhiteFideId "605506"]
[BlackFideId "4138716"]
[EventDate "2017.12.29"]

1. e4 c5 2. Nf3 Nc6 3. Nc3 e6 4. d4 cxd4 5. Nxd4 Qc7 6. Be3 a6 7. Qf3 Nf6 8.
O-O-O Ne5 9. Qg3 b5 10. f4 Neg4 11. Bg1 h5 12. e5 b4 13. Na4 Nd5 14. Bd3 Bb7 15.
Be4 Rc8 16. Qf3 Be7 17. h3 f5 18. hxg4 fxe4 19. Qxe4 Rf8 20. Qg6+ Kd8 21. f5
Qxe5 22. Kb1 Qe4 23. Bh2 Nf6 24. Nxe6+ 1-0

[Event "Mondiale Lampo FIDE 2017"]
[Site "Riyadh"]
[Date "29.12.2017"]
[Round "4.5"]
[White "Petrosian, Tigran L."]
[Black "Karjakin, Sergey"]
[Result "1/2-1/2"]
[WhiteTitle "GM"]
[BlackTitle "GM"]
[WhiteElo "2601"]
[BlackElo "2760"]
[WhiteFideId "13301616"]
[BlackFideId "14109603"]
[EventDate "2017.12.29"]

1. Nf3 Nf6 2. g3 c5 3. Bg2 Nc6 4. O-O e5 5. d3 d5 6. c3 Be7 7. a3 O-O 8. b4 a6
9. Bg5 Nd7 10. Bxe7 Qxe7 11. Nfd2 Nf6 12. bxc5 Qxc5 13. Nb3 Qe7 14. N1d2 Be6 15.
Qb1 Rac8 16. Qb2 Nd7 17. c4 dxc4 18. Nxc4 Bxc4 19. dxc4 e4 20. Rac1 f5 21. c5
Rfd8 22. Rfd1 Nde5 23. Bh3 g6 24. Qc3 Rxd1+ 25. Rxd1 Rd8 26. Rxd8+ Qxd8 27. Qa1
Qd5 28. Qb2 Qd1+ 29. Bf1 Qd5 30. h3 Nd8 31. Na5 Qxc5 32. Nxb7 Nxb7 33. Qxb7 a5
34. a4 Nf7 35. e3 Ne5 36. Kg2 Nf3 37. Qd7 Ne1+ 38. Kg1 Nf3+ 39. Kg2 Ne1+ 40. Kg1
Nf3+ 41. Kg2 1/2-1/2

[Event "Mondiale Lampo FIDE 2017"]
[Site "Riyadh"]
[Date "29.12.2017"]
[Round "4.8"]
[White "Ivanchuk, Vassily"]
[Black "Vidit, Santosh Gujrathi"]
[Result "0-1"]
[WhiteTitle "GM"]
[BlackTitle "GM"]
[WhiteElo "2726"]
[BlackElo "2715"]
[WhiteFideId "14100010"]
[BlackFideId "5029465"]
[EventDate "2017.12.29"]

1. e4 e5 2. Nf3 Nc6 3. Bb5 a6 4. Bxc6 dxc6 5. O-O Bd6 6. d4 exd4 7. Qxd4 f6 8.
Nbd2 Be6 9. Qc3 Ne7 10. Nc4 Bxc4 11. Qxc4 Qd7 12. Be3 Ng6 13. Nd4 Ne5 14. Qe2
O-O-O 15. Nf5 Rhe8 16. Rad1 Qf7 17. b3 Bf8 18. Bf4 Ng6 19. Bg3 Qe6 20. Rxd8+
Rxd8 21. f3 Ne7 22. Ne3 f5 23. Qc4 Qxc4 24. Nxc4 fxe4 25. fxe4 Ng6 26. h4 Bc5+
27. Kh2 Rf8 28. Rf3 h5 29. Kh3 b5 30. Nb2 Kd7 31. Rd3+ Ke6 32. Rc3 Bd6 33. Rxc6
Ne5 34. Rxa6 Rf1 35. Bxe5 Kxe5 36. g3 Kxe4 37. Nd3 0-1

[Event "Mondiale Lampo FIDE 2017"]
[Site "Riyadh"]
[Date "29.12.2017"]
[Round "4.9"]
[White "Demchenko, Anton"]
[Black "Korobov, Anton"]
[Result "0-1"]
[WhiteTitle "GM"]
[BlackTitle "GM"]
[WhiteElo "2660"]
[BlackElo "2652"]
[WhiteFideId "4160258"]
[BlackFideId "14105730"]
[EventDate "2017.12.29"]

1. e4 c5 2. Nf3 d6 3. Bb5+ Nc6 4. O-O Bd7 5. Re1 Nf6 6. c3 a6 7. Bf1 Bg4 8. h3
Bh5 9. d4 Bxf3 10. gxf3 e5 11. d5 Ne7 12. f4 Ng6 13. f5 Ne7 14. Bg5 Neg8 15. b4
cxb4 16. cxb4 g6 17. Qf3 Bh6 18. Bh4 Bf4 19. Nc3 g5 20. Bg3 h5 21. Bxf4 gxf4 22.
b5 Nh7 23. bxa6 bxa6 24. Rab1 Qh4 25. Rb6 Ng5 26. Qd3 Nf6 27. Rxd6 Rg8 28. Kh1
Qxf2 29. Qe2 Qg3 30. Rxf6 Nf3 31. Qg2 Nxe1 32. Qxg3 Rxg3 33. Rh6 0-1

[Event "Mondiale Lampo FIDE 2017"]
[Site "Riyadh"]
[Date "29.12.2017"]
[Round "4.10"]
[White "Andriasian, Zaven"]
[Black "Dreev, Aleksey"]
[Result "0-1"]
[WhiteTitle "GM"]
[BlackTitle "GM"]
[WhiteElo "2585"]
[BlackElo "2653"]
[WhiteFideId "13302000"]
[BlackFideId "4100107"]
[EventDate "2017.12.29"]

1. e4 c6 2. d3 d5 3. Nd2 g6 4. Ngf3 Bg7 5. g3 e5 6. Bg2 Ne7 7. O-O O-O 8. Re1 d4
9. a4 c5 10. Nc4 Nbc6 11. Rf1 h6 12. Ne1 Be6 13. f4 exf4 14. gxf4 Qd7 15. Nf3
Rad8 16. Qe1 Bxc4 17. dxc4 d3 18. cxd3 Qxd3 19. e5 Nf5 20. Ra3 Qxc4 21. h4 Ncd4
22. Nxd4 Qxd4+ 23. Kh2 Rfe8 24. Qc3 b6 25. h5 Qxc3 26. Rxc3 g5 27. Bh3 Nd4 28.
Re1 Ne6 29. f5 Nd4 30. e6 fxe6 31. fxe6 Rd6 32. Rd3 Bf6 33. Kg2 Kf8 34. Re4 Ke7
35. Rde3 Red8 36. Bg4 a6 37. Kh3 c4 38. Bd2 Nc6 39. Bc3 Bxc3 40. bxc3 Rd3 41.
Kg2 Rxe3 42. Rxe3 Rd2+ 43. Kf1 Rd3 44. Ke2 Rxe3+ 45. Kxe3 Nd8 46. Kd4 Nxe6+ 47.
Kxc4 Kd6 48. Kb4 Nc5 49. a5 Nd3+ 50. Ka4 bxa5 51. Kxa5 Ne5 52. Bc8 g4 53. Kxa6
g3 54. Bh3 Kc5 55. Kb7 Nd3 56. Kc7 Nf4 57. Bf1 Nxh5 58. Kd7 Nf4 59. Ke7 h5 60.
Kf6 h4 61. Kg5 h3 62. Kxf4 g2 0-1

[Event "Mondiale Lampo FIDE 2017"]
[Site "Riyadh"]
[Date "29.12.2017"]
[Round "4.13"]
[White "Fedoseev, Vladimir3"]
[Black "Le, Quang Liem"]
[Result "0-1"]
[WhiteTitle "GM"]
[BlackTitle "GM"]
[WhiteElo "2718"]
[BlackElo "2737"]
[WhiteFideId "24130737"]
[BlackFideId "12401137"]
[EventDate "2017.12.29"]

1. e4 e6 2. d4 d5 3. exd5 exd5 4. Bd3 Nf6 5. Ne2 Bd6 6. O-O O-O 7. h3 h6 8. Nd2
Re8 9. Nf3 Ne4 10. b3 Nc6 11. c4 Bf5 12. c5 Be7 13. a3 Bf6 14. b4 Ne7 15. Qc2 a5
16. b5 b6 17. c6 Nd6 18. Ng3 Bg6 19. a4 Ne4 20. Bf4 Nf5 21. Nxf5 Bxf5 22. Ne5
Bg5 23. Bh2 Qc8 24. Kh1 Nd6 25. f3 Bf6 26. Bxf5 Qxf5 27. Qxf5 Nxf5 28. Nd7 Bd8
29. Rae1 Re6 30. Re5 Rxe5 31. dxe5 Rc8 32. Rd1 Ne3 33. Rd3 Nc4 34. Rxd5 Be7 35.
Rd4 Ne3 36. Bf4 Nc2 37. Rd2 Nb4 38. g4 Bg5 39. Bxg5 hxg5 40. Kg2 Kh7 41. Kg3 Kg6
42. f4 gxf4+ 43. Kxf4 Re8 44. h4 f6 45. h5+ Kf7 46. h6 Kg6 47. hxg7 fxe5+ 48.
Nxe5+ Kxg7 49. Kf5 Rf8+ 50. Kg5 Re8 51. Rd7+ Kg8 52. Kf6 Rf8+ 53. Kg6 Rc8 54.
Rg7+ Kf8 55. Nd7+ Ke8 56. Rg8+ 0-1

[Event "Mondiale Lampo FIDE 2017"]
[Site "Riyadh"]
[Date "29.12.2017"]
[Round "4.14"]
[White "Amonatov, Farrukh"]
[Black "Mamedov, Rauf"]
[Result "1-0"]
[WhiteTitle "GM"]
[BlackTitle "GM"]
[WhiteElo "2636"]
[BlackElo "2709"]
[WhiteFideId "14700077"]
[BlackFideId "13401653"]
[EventDate "2017.12.29"]

1. e4 c5 2. Nc3 Nc6 3. Bb5 Nd4 4. Nf3 a6 5. Bd3 Nc6 6. O-O g6 7. a4 Bg7 8. b3
Nf6 9. Bb2 O-O 10. h3 d6 11. Re1 Nd7 12. Bf1 Nd4 13. Nxd4 cxd4 14. Ne2 d3 15.
Nc3 dxc2 16. Qxc2 Ne5 17. d4 Nc6 18. Ne2 d5 19. e5 Bf5 20. Qd2 Rc8 21. Ng3 Be6
22. a5 Qd7 23. b4 Na7 24. Rec1 f6 25. Ne2 fxe5 26. dxe5 Nb5 27. Nd4 Nxd4 28.
Bxd4 Bf5 29. Rc5 Qe6 30. Qe3 Rxc5 31. bxc5 Be4 32. f3 Bc2 33. Ra2 Bf5 34. g4 Bb1
35. Rb2 Be4 36. fxe4 Bxe5 37. exd5 Qf6 38. Qxe5 Qxf1+ 39. Kh2 Rf6 40. Be3 Qe1
41. Rg2 Rf1 42. Qe6+ Kg7 43. Bd4+ Kh6 44. g5+ Kh5 45. Qg4# 1-0

[Event "Mondiale Lampo FIDE 2017"]
[Site "Riyadh"]
[Date "29.12.2017"]
[Round "4.15"]
[White "Kasimdzhanov, Rustam"]
[Black "Socko, Bartosz"]
[Result "1-0"]
[WhiteTitle "GM"]
[BlackTitle "GM"]
[WhiteElo "2683"]
[BlackElo "2593"]
[WhiteFideId "14200244"]
[BlackFideId "1107038"]
[EventDate "2017.12.29"]

1. e4 e6 2. d4 d5 3. Nc3 Bb4 4. e5 Ne7 5. a3 Bxc3+ 6. bxc3 c5 7. Nf3 Bd7 8. Bd3
Ba4 9. O-O Qc7 10. Re1 Nd7 11. Bg5 Nc6 12. Qd2 h6 13. Bh4 g5 14. Bg3 O-O-O 15.
dxc5 Nxc5 16. Nd4 Nxd3 17. cxd3 Nxd4 18. cxd4 Kb8 19. Rec1 Qd7 20. f4 gxf4 21.
Qxf4 Bb5 22. Qf3 Rc8 23. Be1 Rxc1 24. Rxc1 Rc8 25. Bd2 Rxc1+ 26. Bxc1 h5 27. Bg5
a5 28. h3 Qc7 29. Kh2 Ka7 30. Bd2 Qc2 31. Bxa5 Bxd3 32. Qxh5 Be4 33. Qg5 Qb2 34.
Qd2 Qxa3 35. Bb4 Qa1 36. Kg3 Qb1 37. Bd6 Ka6 38. Kh4 Kb5 39. Kg5 Kc4 40. Kf6 Bg6
41. g4 b5 42. h4 b4 43. Bxb4 Qxb4 44. Qxb4+ Kxb4 45. h5 Be4 46. Kxf7 Kc4 47. g5
Kxd4 48. g6 Kc3 49. h6 d4 50. h7 d3 51. h8=Q d2 52. Qc8+ Kd3 53. Qa6+ Ke3 54.
Qf1 Bf3 55. g7 Bh5+ 56. Kf8 Be2 57. Qg1+ Kd3 58. g8=Q 1-0

[Event "Mondiale Lampo FIDE 2017"]
[Site "Riyadh"]
[Date "29.12.2017"]
[Round "4.16"]
[White "Anand, Viswanathan"]
[Black "Short, Nigel D"]
[Result "1/2-1/2"]
[WhiteTitle "GM"]
[BlackTitle "GM"]
[WhiteElo "2782"]
[BlackElo "2678"]
[WhiteFideId "5000017"]
[BlackFideId "400025"]
[EventDate "2017.12.29"]

1. e4 e6 2. d4 d5 3. Nc3 Nf6 4. e5 Nfd7 5. f4 c5 6. Nf3 Nc6 7. Be3 a6 8. Ne2 f5
9. c3 Be7 10. Rg1 c4 11. g4 g6 12. gxf5 exf5 13. Kf2 b5 14. b3 Nb6 15. Ng3 Be6
16. Rh1 a5 17. h4 h5 18. Rb1 Rb8 19. bxc4 Nxc4 20. Bd3 Qd7 21. Ne2 b4 22. Rg1
Rg8 23. Ng5 Bxg5 24. Rxg5 Kf7 25. Kf3 bxc3 26. Nxc3 Rxb1 27. Bxb1 Rb8 28. Bd3
Ne7 29. Rg2 Nb2 30. Qb1 Nxd3 31. Qxd3 Qc6 32. Rc2 Qc4 33. Qd1 Rc8 34. Rc1 Qb4
35. Ne2 Rc4 36. Rb1 Qa3 37. Qb3 Qxb3 38. axb3 Rc2 39. b4 axb4 40. Rxb4 Bc8 41.
Ng1 Ba6 42. Nh3 Bd3 43. Ng5+ Ke8 44. Bf2 Be4+ 45. Ke3 Nc6 46. Ra4 Rc3+ 47. Kd2
Rc2+ 48. Ke1 Rc1+ 49. Kd2 Rc2+ 1/2-1/2

[Event "Mondiale Lampo FIDE 2017"]
[Site "Riyadh"]
[Date "29.12.2017"]
[Round "4.17"]
[White "Safarli, Eltaj"]
[Black "Moiseenko, Alexander"]
[Result "1-0"]
[WhiteTitle "GM"]
[BlackTitle "GM"]
[WhiteElo "2639"]
[BlackElo "2667"]
[WhiteFideId "13402129"]
[BlackFideId "14102560"]
[EventDate "2017.12.29"]

1. e4 c5 2. Nf3 Nc6 3. Bb5 d6 4. O-O Bd7 5. Re1 Nf6 6. c3 a6 7. Bc4 b5 8. Bf1
Bg4 9. d4 cxd4 10. a4 Bxf3 11. gxf3 d3 12. axb5 axb5 13. Rxa8 Qxa8 14. Bxd3 Qb7
15. Na3 b4 16. cxb4 g6 17. Qa4 Nd7 18. Ba6 Qxb4 19. Qxc6 Qxe1+ 20. Kg2 Qa5 21.
Nb5 f5 22. Nc7+ Kf7 23. Bc4+ Kf6 24. Ne8+ Ke5 25. f4+ Kd4 26. Be3# 1-0

[Event "Mondiale Lampo FIDE 2017"]
[Site "Riyadh"]
[Date "29.12.2017"]
[Round "4.18"]
[White "Riazantsev, Alexander"]
[Black "Zhigalko, Sergei"]
[Result "0-1"]
[WhiteTitle "GM"]
[BlackTitle "GM"]
[WhiteElo "2650"]
[BlackElo "2641"]
[WhiteFideId "4125029"]
[BlackFideId "13502956"]
[EventDate "2017.12.29"]

1. d4 Nf6 2. c4 e6 3. Nf3 b6 4. a3 Ba6 5. e3 d5 6. Nbd2 Be7 7. cxd5 Bxf1 8. Nxf1
Qxd5 9. Ng3 O-O 10. O-O Rd8 11. Qe2 Nbd7 12. e4 Qb7 13. b4 c5 14. dxc5 bxc5 15.
b5 a6 16. Rb1 axb5 17. Rxb5 Qa6 18. Re1 h6 19. h3 c4 20. Qxc4 Bxa3 21. Bxa3 Qxa3
22. Qb4 Qxb4 23. Rxb4 Nc5 24. Rc4 Nd3 25. Rd1 Nf4 26. Rxd8+ Rxd8 27. Rc1 g5 28.
Re1 Rd3 29. Nf1 Nxh3+ 30. gxh3 Rxf3 31. Kg2 Ra3 32. Ng3 Kg7 33. Rc1 Ra4 34. Kf3
Ra3+ 35. Kg2 Kg6 36. Rc2 h5 37. f3 h4 38. Ne2 Nh5 39. Kf2 Rb3 40. Ra2 Rd3 41.
Rb2 Ra3 42. Rc2 Ra1 43. Rb2 Ra3 44. Rc2 Nf6 45. Rd2 Rb3 46. Kg2 Rb7 47. Kf2 Nd7
48. f4 Nf6 49. Rd4 Rb2 50. Kf3 Rb3+ 51. Kg2 Re3 52. f5+ exf5 53. exf5+ Kxf5 54.
Rd2 Kg6 55. Ra2 Nh5 56. Kh2 f6 57. Rb2 Rd3 58. Ra2 Ng3 59. Ng1 Rd2+ 60. Rxd2
Nf1+ 61. Kg2 Nxd2 62. Kf2 Kf5 63. Ke3 Nc4+ 64. Kd4 Ne5 65. Ke3 Ng6 66. Kf3 Ne5+
67. Ke3 Ke6 68. Ne2 f5 69. Nd4+ Kf6 70. Ne2 Ng6 71. Kf3 Ke5 72. Ke3 Nf8 73. Nc1
Ne6 74. Nd3+ Kf6 75. Kf3 Nd8 76. Ke3 Nc6 77. Nc5 Ne5 78. Nb3 Ng6 79. Nc5 Nf4 80.
Nd7+ Ke7 81. Ne5 Nxh3 82. Nf3 Kf6 0-1

[Event "Mondiale Lampo FIDE 2017"]
[Site "Riyadh"]
[Date "29.12.2017"]
[Round "4.19"]
[White "Melkumyan, Hrant"]
[Black "Jobava, Baadur"]
[Result "1/2-1/2"]
[WhiteTitle "GM"]
[BlackTitle "GM"]
[WhiteElo "2633"]
[BlackElo "2690"]
[WhiteFideId "13302485"]
[BlackFideId "13601520"]
[EventDate "2017.12.29"]

1. d4 c6 2. c4 d5 3. Nf3 dxc4 4. e3 Be6 5. Nc3 b5 6. a4 b4 7. Ne4 Nf6 8. Ned2 c3
9. bxc3 bxc3 10. Nb1 Qa5 11. Qc2 Nd5 12. Ba3 Na6 13. Bxa6 Qxa6 14. Nxc3 Rb8 15.
Ne2 g6 16. O-O Bg7 17. Ng3 O-O 18. Rfc1 Rfc8 19. h3 Nb4 20. Bxb4 Rxb4 21. Qc3 c5
22. Ne4 Rc4 23. Qd2 cxd4 24. Rxc4 Qxc4 25. exd4 Bd5 26. Re1 Qc6 27. Qe3 e6 28.
Ne5 Bxe5 29. dxe5 Bxe4 30. Qxe4 Qxe4 31. Rxe4 Rc1+ 32. Kh2 a5 33. h4 Kg7 34. Kg3
h6 35. Kf3 g5 36. hxg5 hxg5 37. g4 1/2-1/2